Score 0/25 Timer 06:00
0 Plays Today
Question Answer % Correct
Who is Jay-Z's spouse (as of Jan 2015)?Beyonce
79.8%
Name the third largest planet in our solar system.Uranus
77.7%
Name one of the two actors who voiced Woody or Buzz Lightyear in all 3 of the Toy Story movies.Tom Hanks and Tim Allen
75.5%
Name this movie. Won eight Academy Awards in 2008 including Best Picture, situated in India, lead character Jamal is a game show contestant.Slumdog Millionaire
71.3%
Name the Capital of Australia.Canberra
62.8%
MADD is an acronym for what organization. Mother’s Against Drunk Driving
58.5%
How many teams (franchises) make up the NFL?32
53.2%
Tired of Republicans and Democrats? What was the name of the last political party whose nominee was elected U.S. President? Whig
50%
Mark Twain is the well known pen name for what author? Samuel Clemens
46.8%
Name the TV series which started in 2008 and was frequently called “Hamlet on Harleys”. Sons of Anarchy
45.7%
Name the capital of Bulgaria.Sofia
44.7%
Embraer and Bombardier compete to be the 3rd (and 4th) largest airplane manufacturers behind Boeing and Airbus. Name one of the two countries where Embraer or Bombardier are based.Brazil and Canada
44.7%
Name one of the top 3 selling Atari 2600 games of all time.Pac-Man, Missile Command or Pitfall!
36.2%
Question Answer % Correct
What is the tilt angle of Earth's axis, in degrees, rounded up or down to a resolution of 1 deg.23 or 24
33%
Name any of the three NHL teams whose nickname does NOT end with the letter 's'.Avalanche, Wild or Lightning
31.9%
Name one of the two teams that lost in the NFL Super Bowls I or II. Kansas City Chiefs or Oakland Raiders
29.8%
What does the military acronym IED stand for?Improvised Explosive Device
26.6%
Name the movie with this quote: “Why Johnny Ringo, you look like someone just walked over your grave”. Tombstone
21.3%
Rush Limbaugh had the largest talk radio audience for the month of December 2014. Name any one of the other talk show hosts who finished in the top 5. Sean Hannity, Dave Ramsey, Glenn Beck or Mark Levin
21.3%
What is the two letter abbreviation for the top rice producing state in the U.S.A.?AR
19.1%
MAD is an acronym for what doctrine or strategy (primarily associated with US-USSR relationship during the Cold War). Mutually Assured Destruction
17%
What was the name of the World War II Operation portrayed in the 1977 movie “A Bridge Too Far”.Market-Garden
17%
Name the iconic pistol, designed by John Browning, that was the standard-issue sidearm for the U.S. Armed Forces for almost 75 years until it was replaced by the 92F/M9 in 1985.1911
13.8%
Name the surname of the host of MSNBC's 'The Ed Show'.Schultz
11.7%
What city and country are you in if you drive directly south of Detroit?Windsor, Canada
8.5%
Remove Ads.
Support Sporcle.
Get the best of Sporcle when you Go Orange. This ad-free experience offers more features, more stats, and more fun while also helping to support Sporcle. Thank you for becoming a member.

You're not logged in!

Compare scores with friends on all Sporcle quizzes.
OR
Log In

Show Comments

Extras

Top Quizzes Today


Score Distribution

Your Account Isn't Verified!

In order to create a playlist on Sporcle, you need to verify the email address you used during registration. Go to your Sporcle Settings to finish the process.

Report this User

Report this user for behavior that violates our Community Guidelines.

Details: